|
|
|
|
| LEADER |
00000nam0a2200000 4500 |
| 001 |
217495 |
| 005 |
20231101230124.0 |
| 010 |
|
|
|a 9785434400282
|
| 035 |
|
|
|a (RuTPU)RU\TPU\book\237495
|
| 090 |
|
|
|a 217495
|
| 100 |
|
|
|a 20120606d2011 k y0rusy50 ca
|
| 101 |
1 |
|
|a rus
|c eng
|
| 102 |
|
|
|a RU
|
| 105 |
|
|
|a a z 001zy
|
| 200 |
1 |
|
|a Заметки о динамических системах
|e пер. с англ.
|f Ю. Мозер, Э. Цендер
|
| 210 |
|
|
|a Москва
|c Регулярная и хаотическая динамика
|a Ижевск
|c Институт компьютерных исследований
|d 2011
|
| 215 |
|
|
|a 356 с.
|c ил.
|
| 225 |
1 |
|
|a Библиотека журнала "Регулярная и хаотическая динамика"
|
| 320 |
|
|
|a Библиогр.: с. 342-345.
|
| 330 |
|
|
|a Книга известных ученых Юргена Мозера и Эдуарда Цендера представляет собой введение в теорию динамических систем, в частности, в особый класс гамильтоновых систем. Излагая теоретические основы, авторы стремились использовать простейшие математические методы, а также множество примеров и иллюстраций из физики и небесной механики. Именно задача N тел является основной в теории динамических систем и в прошлом послужила толчком ко многим открытиям в области математики. Данная книга незаменима для математиков, физиков и астрономов, интересу ющихся динамикой систем нескольких и многих тел, а также фундаментальными понятиями и методами анализа в данной области.
|
| 606 |
1 |
|
|a Динамические системы
|x Математические исследования
|x (математика)
|2 stltpush
|3 (RuTPU)RU\TPU\subj\9524
|9 36754
|
| 610 |
1 |
|
|a преобразования
|
| 610 |
1 |
|
|a периодические орбиты
|
| 610 |
1 |
|
|a гамильтоновы системы
|
| 610 |
1 |
|
|a уравнения Гамильтона-Якоби
|
| 610 |
1 |
|
|a задача Кеплера
|
| 610 |
1 |
|
|a теорема Ляпунова
|
| 610 |
1 |
|
|a теорема Хопфа
|
| 610 |
1 |
|
|a теорема Пуанкаре
|
| 610 |
1 |
|
|a неподвижная точка
|
| 610 |
1 |
|
|a теорема Якубовича-Хартмана
|
| 610 |
1 |
|
|a теорема Арнольда-Йоста
|
| 610 |
1 |
|
|a цепочка Тоды
|
| 675 |
|
|
|a 517.938
|v 3
|
| 700 |
|
1 |
|a Мозер
|b Ю.
|g Юрген
|
| 701 |
|
1 |
|a Цендер
|b Э.
|g Эдуард
|
| 801 |
|
1 |
|a RU
|b 63413507
|c 20120604
|
| 801 |
|
2 |
|a RU
|b 63413507
|c 20140320
|g RCR
|
| 942 |
|
|
|c BK
|